Hong Kong v medzinárodných vzťahoch bakalárska práca

Guardado en:
Detalles Bibliográficos
Autor principal: Forgács, Balázs
Autores Corporativos: Ekonomická univerzita v Bratislave. Národohospodárska fakulta, Univerzita Komenského v Bratislave. Právnická fakulta
Otros Autores: Bednár, Daniel
Formato: Libro
Lenguaje:eslovaco
Publicado: Bratislava 2019
Etiquetas: Agregar Etiqueta
Sin Etiquetas, Sea el primero en etiquetar este registro!

MARC

LEADER 00000nbm a2200000 4500
001 0256901
005 20200113142525.0
041 0 |a slo 
044 |a SK 
245 1 0 |a Hong Kong v medzinárodných vzťahoch  |b bakalárska práca  |c Balázs Forgács ; školiteľ: Daniel Bednár 
264 1 |a Bratislava  |c 2019 
300 |a 56 s. 
100 1 |a Forgács, Balázs 
700 1 |a Bednár, Daniel 
710 2 |a Ekonomická univerzita v Bratislave. Národohospodárska fakulta 
710 2 |a Univerzita Komenského v Bratislave. Právnická fakulta